000 00342nam a2200145Ia 4500
008 240624s9999 xx 000 0 und d
041 _aeng
082 _a005.7403 KUM
100 _aKUMAR SUDHIR
245 _aENCYCLOPAEDIA OF DATABASE MANAGEMENT SYS
260 _c2004
_aNew Delhi
_bUniversal
300 _a886p
365 _cRS
440 _v3
999 _c4027
_d4027